000 004250000a22001810004500
003 MACL
005 20151205155112.0
008 151205b xxu||||| |||| 00| 0 eng d
040 _aMACL
_cMACL
041 _aEnglish
082 _a741.642
100 _aHemkunt Press
_919374
245 _aThree Little Pigs
260 _bHemkunt Press
_c1981
350 _a4
650 _aChildern's Book
_918839
942 _cBK
_k741.642
_2ddc
999 _c7180
_d7180